| 000 | 00615nam a2200205 a 4500 | ||
|---|---|---|---|
| 001 | 000043627 | ||
| 005 | 20201002044903.0 | ||
| 008 | 140331s1970 sp 000 0 spa d | ||
| 040 |
_aDO-SdBNP _bspa _cBNPHU |
||
| 082 |
_a843.8 _bZ86t |
||
| 100 | 1 |
_aZola, Emile _d1840-1902 _93605 |
|
| 245 | 1 | 0 |
_aLa taberna / _cZola; prólogo Luis Ángel García Melero. |
| 260 |
_aMadrid : _bLibra, _c1970. |
||
| 300 |
_av. ; _c17 cm. |
||
| 490 | 1 |
_aPurpura _v23 _v24 |
|
| 650 | 4 |
_aNovela francesa _91075 |
|
| 650 | 4 |
_aLiteratura francesa _91074 |
|
| 700 | 1 | 2 |
_aGarcía Melero, Ángel _eprol. _971458 |
| 830 | 0 |
_aPurpura _n23 _n24 _971459 |
|
| 999 |
_c43116 _d43116 |
||